Význam IKT v práci a zamestnaní v rokoch 2005 a 2015 z hľadiska pohlavia, veku, vzdelania, sektora a veľkosti sídla
Význam informačnej a komunikačnej techniky a najmä internetu pre súčasnú spoločnosť z hľadiska správania sa používateľov internetu. Najčastejšími aktivitami na internete sú komunikácia a vyhľadávanie informácií na internete. Prezentácia výsledkov prieskumu zameraného na význam IKT pre prácu a zamest...
Saved in:
| Main Author: | |
|---|---|
| Format: | Book Chapter |
| Language: | Slovak |
| Subjects: | |
| Tags: |
No Tags, Be the first to tag this record!
|
MARC
| LEADER | 00000naa a2200000 4500 | ||
|---|---|---|---|
| 001 | 0238015 | ||
| 005 | 20220715094104.5 | ||
| 041 | 0 | |a slo | |
| 044 | |a SK | ||
| 245 | 1 | 0 | |a Význam IKT v práci a zamestnaní v rokoch 2005 a 2015 z hľadiska pohlavia, veku, vzdelania, sektora a veľkosti sídla |c Peter Szabo |
| 520 | |a Význam informačnej a komunikačnej techniky a najmä internetu pre súčasnú spoločnosť z hľadiska správania sa používateľov internetu. Najčastejšími aktivitami na internete sú komunikácia a vyhľadávanie informácií na internete. Prezentácia výsledkov prieskumu zameraného na význam IKT pre prácu a zamestnanie a porovnanie výsledkov v rokoch 2005 a 2015. | ||
| 610 | 2 | 0 | |a technológie informačné |
| 610 | 2 | 0 | |a technológie komunikačné |
| 610 | 2 | 0 | |a internet |
| 610 | 2 | 0 | |a zamestnanie |
| 610 | 2 | 0 | |a prieskum štatistický |
| 610 | 2 | 0 | |a komunikácia elektronická |
| 100 | 1 | |a Szabo, Peter | |